Etické kódexy a finančné inštitúcie - nebankové subjekty

Etické kódexy niektorých asociácií a profesných združení, pôsobiacich na finančnom trhu Slovenskej republiky. Tieto kódexy majú spravidla formu záväzného predpisu, ktorým sa musia jednotliví členovia riadiť. Nedodržiavanie je sankcionované.

Gespeichert in:
Bibliographische Detailangaben
1. Verfasser: Heretiková, Katarína
Format: Buchkapitel
Sprache:Slowakisch
Schlagworte:
Tags: Tag hinzufügen
Keine Tags, Fügen Sie das erste Tag hinzu!

MARC

LEADER 00000nla a2200000 4500
001 0226505
005 20240417075110.7
041 0 |a slo 
044 |a SK 
245 1 0 |a Etické kódexy a finančné inštitúcie - nebankové subjekty  |c Katarína Heretiková 
520 |a Etické kódexy niektorých asociácií a profesných združení, pôsobiacich na finančnom trhu Slovenskej republiky. Tieto kódexy majú spravidla formu záväzného predpisu, ktorým sa musia jednotliví členovia riadiť. Nedodržiavanie je sankcionované. 
610 2 0 |a trh finančný 
610 2 0 |a subjekty nebankové 
610 2 0 |a kódexy etické 
610 2 0 |a inštitúcie finančné 
100 1 |a Heretiková, Katarína